000 00400nam a2200169Ia 4500
003 GCL
008 140319s9999 xx 000 0 eng d
040 _aGCL /
_cGCL
082 0 4 _a843
_bH A
100 1 _aHENRI, BOSCO
245 1 0 _aANTONIN /
_cHENRI, BOSCO
260 _a[S.N] :
_bGALLIMARD ،
_c1992
300 _a409 P
650 0 4 _aLITERATURE
650 0 4 _aFRENCH LITERATURE
942 _2ddc
_cBK
999 _c23255
_d23255